[Event "Rhein Main op 11th"]
[Site "Bad Homburg"]
[Date "2008.05.21"]
[Round "1"]
[White "Hoeck, Raimund"]
[Black "Ochmann, Denis"]
[Result "1-0"]
[WhiteElo "2064"]
[BlackElo "1634"]
[PlyCount "119"]
[EventDate "2008.05.21"]
[EventType "swiss"]
[EventRounds "7"]
[EventCountry "GER"]
[SourceTitle "CBM 124 Extra"]
[Source "ChessBase"]
[SourceDate "2008.07.03"]
[SourceVersion "1"]
[SourceVersionDate "2008.07.03"]
[SourceQuality "1"]

1. d4 d5 2. c4 e6 3. Nc3 Nf6 4. Bg5 Nbd7 5. e3 Be7 6. Nf3 0-0 7. Rc1 c5 8. dxc5 Nxc5 9. cxd5 exd5 10. Be2 Be6 11. 0-0 Nce4 12. Bxf6 Bxf6 13. Nd4 Nxc3 14. Rxc3 Re8 15. Qd2 Be5 16. Rb3 Rb8 17. Bd3 Qg5 18. Nf3 Qh5 19. Nxe5 Qxe5 20. f4 Qh5 21. f5 Bd7 22. Bb5 Bc6 23. Bxc6 bxc6 24. Rxb8 Rxb8 25. f6 g6 26. Qc3 Rc8 27. b4 Qe2 28. a4 Qa6 29. Ra1 Qb7 30. Rc1 a6 31. Rd1 Qd7 32. Qe5 Re8 33. Qg5 Qe6 34. Rc1 h6 35. Qf4 g5 36. Qd4 Rc8 37. Rc5 Qd7 38. Qc3 Qb7 39. b5 axb5 40. axb5 Qb6 41. Rxc6 Rxc6 42. bxc6 Qb1+ 43. Kf2 Qf5+ 44. Ke1 d4 45. exd4 Qb1+ 46. Kd2 Qa2+ 47. Kc1 Qxg2 48. c7 Qf1+ 49. Kc2 Qe2+ 50. Kb3 Qb5+ 51. Qb4 Qd3+ 52. Kb2 Qe2+ 53. Kc3 Qe3+ 54. Kc4 Qe2+ 55. Kc5 Qc2+ 56. Kd6 Qxh2+ 57. Kd7 Qh3+ 58. Kd8 Qe6 59. Qe7 Qd5+ 60. Qd7 1-0

[Event "Rhein Main op 10th"]
[Site "Bad Homburg"]
[Date "2007.06.09"]
[Round "6"]
[White "Ochmann, Denis"]
[Black "Wesoly, Helge"]
[Result "0-1"]
[WhiteElo "1484"]
[BlackElo "1858"]
[PlyCount "94"]
[EventDate "2007.06.06"]
[EventType "swiss"]
[EventRounds "7"]
[EventCountry "GER"]
[SourceTitle "EXT 2008"]
[Source "ChessBase"]
[SourceDate "2007.11.25"]
[SourceVersion "1"]
[SourceVersionDate "2007.11.25"]
[SourceQuality "1"]

1. e4 c5 2. Nf3 d6 3. d4 cxd4 4. Nxd4 Nf6 5. Nc3 e6 6. Be3 a6 7. Be2 b5 8. a3 Bb7 9. Bd3 Qc7 10. 0-0 d5 11. exd5 Nxd5 12. Nxd5 Bxd5 13. Qg4 Nd7 14. Ne2 Nf6 15. Qh3 Bd6 16. Rac1 Be5 17. c3 Bc4 18. Bxc4 Qxc4 19. Qf3 0-0 20. Nd4 Qc7 21. Qh3 Nd5 22. Bd2 Nf4 23. Bxf4 Bxf4 24. Rce1 Rad8 25. Re4 Bg5 26. Rg4 Rd5 27. Nf3 Bf6 28. Qh6 g6 29. Rg3 Bg7 30. Qh4 Rfd8 31. Ng5 h6 32. Nf3 Rd1 33. Ne1 R8d5 34. h3 Qe5 35. Re3 Qf6 36. Qg3 Qd8 37. Qf3 R1d2 38. Re2 Rxe2 39. Qxe2 Rd2 40. Qe3 Rxb2 41. Nf3 Rb3 42. Ne5 Qc7 43. Re1 Bxe5 44. Qxe5 Qxe5 45. Rxe5 Rxc3 46. a4 b4 47. Re4 a5 0-1